| 000 | 01091 a2200361 4500 | ||
|---|---|---|---|
| 005 | 20250805095124.0 | ||
| 008 | 250805b |||||||| |||| 00| 0 eng d | ||
| 041 | _aFr | ||
| 044 | _aCIV | ||
| 090 | _bDG/N/3082 | ||
| 100 | _aKOUAKOU, Charles Konan | ||
| 100 | _aDOGA, Dabe | ||
| 100 | _aYEO, Gnenakan | ||
| 100 | _aKONAN, Amenan Jacky | ||
| 100 | _aFONDIO, Lassina | ||
| 110 | _aCentre National de Recherche Agronomique | ||
| 110 | _bCote d'Ivoire | ||
| 242 | _ameilleure gestion des principales maladies | ||
| 245 |
_aBien connaitre les phenophases chez l'anacardier pour un meilleure gestion des principales maladies _b: Fiche Technique |
||
| 260 | _aAbidjan | ||
| 260 | _bCentre National de Recherche Agronomique | ||
| 260 | _c2025 | ||
| 302 | _a3 p. | ||
| 388 | _a2025-08-05 | ||
| 650 |
_2AGROVOC _gCNRA |
||
| 650 | _gFiche Technique | ||
| 650 | _gAnacardium occidentale | ||
| 650 | _gGestion des ravageurs | ||
| 650 | _gBien | ||
| 650 | _gConnaitre | ||
| 650 | _gPhenophase | ||
| 856 | _uhttps://ftech.byethost7.com/wp-content/uploads/2025/08/DGN3082.pdf | ||
| 999 |
_c5953 _d5953 |
||